Cenová diskriminácia v prostredí monopolu bakalárska práca

Guardado en:
Detalles Bibliográficos
Autor principal: Gajdoš, Marián
Autor Corporativo: Fakulta podnikového manažmentu EU. Katedra podnikovohospodárska
Otros Autores: Kissová, Jana, 1979-
Formato: Libro
Lenguaje:eslovaco
Publicado: Bratislava 2011
Etiquetas: Agregar Etiqueta
Sin Etiquetas, Sea el primero en etiquetar este registro!

MARC

LEADER 00000nbm a2200000 4500
001 0131345
005 20161109111419.0
041 0 |a slo 
044 |a SK 
245 1 0 |a Cenová diskriminácia v prostredí monopolu  |b bakalárska práca  |c Marián Gajdoš ; školiteľ: Jana Kissová 
264 1 |a Bratislava  |c 2011 
300 |a 42 s. 
100 1 |a Gajdoš, Marián 
700 1 |a Kissová, Jana, 1979- 
710 2 |a Fakulta podnikového manažmentu EU. Katedra podnikovohospodárska